000 01206nam a2200325 c 4500
003 BLK
005 20211112101534.0
008 180410b bul|||||r ||||||| ||bul||
010 _aKNG00166801000
020 _a978-619-00-0071-6
_bиздат.: Фабер
040 _aBLK
041 _aBUL
_cBUL
072 7 _2bullib
_aН84
_xБългарска художествена литература Н
080 _aБългарска литература
_b821.163.2
_x-4
_z821.163.2-4
100 1 _aТомов, Александър Александров
_eпърви автор
_9380293
139 _aТомов, Александър Александров
_bТ 70
245 1 0 _aРобският синдром при българите
_cАлександър Александров Томов.
257 _aBGR
260 В. Търново
_bФабер
_c2014
300 _a104 с.
_c20 см
380 _aX
500 _aСъдържа и за авт.
653 _aесета
659 _aН
852 _aЦб 271297
856 4 _qpdf
_u
856 4 _qpdf
_u
942 _cKNG
_n0
_09
944 _aCR
_c04.11.2014
_lф /
_kПенка_Димитрова
944 _aED
_c13.02.2015
_lф /
_kЛюдмила_Стоянова
999 _c159628
_d159628